Contaminación, causas y efectos (Registro nro. 12606)
[ vista simple ]
| 000 -Cabecera | |
|---|---|
| Campo de control de longitud fija | 00756nam a22003017a 4500 |
| 005 - Fecha y hora de la última transacción | |
| Campo de control | 20251017173324.0 |
| 008 - Elementos de longitud fija--Información general | |
| Campo de control de longitud fija | 200306b1996 xxu||||| |||| 00| 0 spa d |
| 020 ## - International Standard Book Number | |
| Número Internacional Estándar del Libro (ISBN) | 9789706370501 |
| 041 ## - Idioma | |
| Código de idioma | Español |
| 082 ## - Clasificación Decimal Dewey | |
| Número de clasificación | 363.73 W135c |
| 100 ## - Entrada principal--Autor personal | |
| Nombre personal | Wagner, Travis |
| 9 (RLIN) | 57620 |
| 245 ## - Título propiamente dicho | |
| Título | Contaminación, causas y efectos |
| 260 ## - Pie de imprenta | |
| Lugar de publicación, distribución, etc. | México |
| 260 ## - Pie de imprenta | |
| Nombre del editor, distribuidor, etc. | Ediciones Gernika |
| 260 ## - Pie de imprenta | |
| Fecha de publicación, distribución, etc. | 1996 |
| 300 ## - Descripción física | |
| Extensión | 423 páginas |
| 490 ## - Serie | |
| Título de la Serie | Turismo |
| 650 ## - Materia general | |
| Temática (materia general) | CONTAMINACIÓN |
| 650 ## - Materia general | |
| Temática (materia general) | AGUAS SUBTERRÁNEAS |
| 650 ## - Materia general | |
| Temática (materia general) | ADMINISTRACIÓN DE LOS DESECHOS |
| 650 ## - Materia general | |
| Temática (materia general) | PESTICIDAS |
| 650 ## - Materia general | |
| Temática (materia general) | CONTAMINACIÓN DOMÉSTICA |
| 650 ## - Materia general | |
| Temática (materia general) | PESTICIDAS |
| 650 ## - Materia general | |
| Temática (materia general) | CONTAMINACIÓN ENERGÉTICA |
| 650 ## - Materia general | |
| Temática (materia general) | TURISMO |
| 942 ## - Punto de acceso adicional KOHA | |
| Tipo de ítem KOHA | Libro |
| Fuente del sistema de clasificación o colocación | Dewey Decimal Classification |
| Signatura completa | Código de barras | Programa Académico | Tipo de ítem |
|---|---|---|---|
| 363.73 W135c | 5135 | Turismo | Libro |